| 000 | 01658cam a2200265 4500 | ||
|---|---|---|---|
| 008 | 040106n2003 000 0 eng u | ||
| 020 | _a1842191713 | ||
| 035 | _a(Sirsi) u124855 | ||
| 041 | _aeng | ||
| 050 |
_a332.6324 _c18 |
||
| 110 |
_aInvestment Property Forum _92112 |
||
| 245 |
_aUnderstanding commercial property investment _ba guide for financial advisers |
||
| 260 |
_aLondon _bSeven Dials _c2003 |
||
| 300 | _a37p. : ill. ; 21cm. | ||
| 490 | _aRICS Commercial Property Faculty Feature | ||
| 520 | _aThe Investment Property Forum has issued guidelines to professionals offering advice to small private investors tempted into the commercial property market by a new range of financial products available in 2004. The guide has been funded by the Investment Property Forum Educational Trust, the British Property Federation and RICS with additional information from relevant bodies on specialist subjects. Acknowledges the need for advisers to understand the attributes of commercial property as an investment class and the mechanics of the market. Also required is an overview of the commonly available product structures, insights into associated risks, tax implications and regulatory considerations. | ||
| 650 | _aINVESTORS | ||
| 650 | _aFINANCIAL MARKETS | ||
| 650 | _aPRIVATE INVESTORS | ||
| 690 | _aPROPERTY-COMMERCIAL PROPERTY-COMMERCIAL PROPERTY MARKET | ||
| 710 |
_aRoyal Institution of Chartered Surveyors _94900 |
||
| 710 |
_aBritish Property Federation _91604 |
||
| 856 |
_uhttps://www.rics.org/RICSWEB/getpage.aspx?p=ZzJANqRUoUehDx4IWc2OTw _zView the guidelines on the RICS Commercial Property web pages... |
||
| 942 | _n0 | ||
| 999 |
_c103294 _d103294 |
||